القواعد المنهجية : (Record no. 7450)
[ view plain ]
| 000 -الفاتح | |
|---|---|
| حقل البيانات ثابتة الطول | 01185nac a22002291u 4500 |
| 008 - عناصر البيانات ثابتة الطول - معلومات عامة | |
| حقل البيانات ثابتة الطول | 101108s1993 xxu||||| |||| 00| 0 ara d |
| 020 ## - الرقم الدولى المعيارى للكتب | |
| الرقم الدولى المعيارى للكتاب | 9775224055 |
| 082 ## - رقم تصنيف ديوى العشرى | |
| رقم التصنيف | 301.20953 |
| رقم المادة | ي ا س |
| 100 1# - المدخل الرئيسى - إسم شخصى | |
| الإسم الشخصى | ياسين ، حكمت بشير |
| 9 (RLIN) | 21034 |
| 110 ## - المدخل الرئيسى - إسم هيئة | |
| اسم الهيئة أو اسم السلطة كمدخل | Al Maahad Al Alamey Lel Fekr Al Islamey |
| 9 (RLIN) | 21037 |
| 245 ## - بيان العنوان | |
| العنوان | القواعد المنهجية : |
| بقية العنوان | في التنقيب عن المفقود من الكتب والأجزاء التراثية / |
| بيان المسئوليه,etc | حكمت بشير ياسين ؛ تقديم بكر أبو زيد |
| 260 ## - PUBLICATION, DISTRIBUTION, ETC. (IMPRINT) | |
| مكان الناشر او الموزع | الرياض : |
| اسم الناشر او الموزع | مكتبة المؤيد ،1993 |
| تاريخ النشر أو التوزيع | 1993. |
| 300 ## - الوصف المادى | |
| التعداد | 383 ص ؛ |
| أبعاد الوعاء | 24 سم. |
| 490 ## - بيان السلسلة | |
| -- | 21035 |
| عنوان السلسلة | ؛ تييسير التراث الإسلامى |
| -- | 1 |
| 504 ## - تبصرة ببليوجرافية | |
| تبصرة ببليوجرافية,الخ | يشتمل على إرجاعات ببليوجرافية وفهارس |
| 511 ## - | |
| -- | Catalogued by: Sara |
| 650 ## - المدخل الاضافى بالموضوع-مصطلح موضوعى | |
| مصطلح موضوعي أو اسم جغرافي كعنصر مدخل | التراث الإسلامي |
| 9 (RLIN) | 17660 |
| 650 ## - المدخل الاضافى بالموضوع-مصطلح موضوعى | |
| مصطلح موضوعي أو اسم جغرافي كعنصر مدخل | التراث العربي |
| 9 (RLIN) | 17359 |
| 700 ## - المدخل الاضافى - اسم شخصى | |
| الإسم الشخصى | أبوزيد ، بكر |
| 9 (RLIN) | 21036 |
| الدور | تقديم |
| 942 ## - عناصر المدخل الإضافي( كوها) | |
| Koha [default] item type | Book - Borrowing |
| سابقة رقم الطلب | 301.20953 ي ا س |
| مصدر التصنيف او مخطط الترفيف | Dewey Decimal Classification |
| حالة التراجع | حالة الفقد | مصدر التصنيف او خطة الترفيف | حالة تلف | ليس للاعارة | مجموعات كوها | المكان الدائم | المكان الحالي | موقع الترفيف | تاريخ الاكتساب | Source of acquisition | رقم الاستدعاء | الباركود | Date last seen | نوع الوعاء |
|---|---|---|---|---|---|---|---|---|---|---|---|---|---|---|
| Dewey Decimal Classification | Alef-Baa | Central Library | Central Library | First floor | 24/01/2008 | 301.20953 ي ا س | 000008890 | 15/07/2025 | Book - Borrowing |